| 000 | 00870nam a2200265 a 4500 | ||
|---|---|---|---|
| 001 | |||
| 003 | OSt | ||
| 005 | 20250513095545.0 | ||
| 008 | 130823s2004 pr 000 0 spa d | ||
| 040 |
_aDO-SdBPM _bspa _cBPMSU |
||
| 082 | 4 |
_a170 _bV722d 2004 _222 |
|
| 100 | 1 | _aVillarini Jusino, Ángel R. | |
| 245 | 1 | 0 |
_aDesarrollo de la conciencia moral y ética : _bteoría y práctica / _cÁngel R. Villarini Jusino |
| 250 | _a | ||
| 260 |
_aRío Piedras, Puerto Rico : _bOrganización para el Fomento del Desarrollo del Pensamiento, _c2004 |
||
| 300 |
_a123 p ; _c22 cm. |
||
| 490 | 0 | _aBiblioteca del pensamiento crítico, | |
| 590 | _aInventariado, 2025/VM | ||
| 650 | 4 | _aConciencia (Moral) | |
| 650 | 4 | _aValores sociales | |
| 650 | 4 |
_aConducta (Ética) _v _x |
|
| 650 | 4 |
_aValores (Filosofía) _v |
|
| 910 | _aVMateo V. Control de calidad. BPMSU | ||
| 942 |
_2ddc _cBK |
||
| 999 |
_c15048 _d15048 |
||